Joan edukira

Анатомия заблуждений: большая книга по критическому мышлению Научно-популярная литература

Критическое мышление — ключевой навык XXI века который позволяет не утонуть в бесконечном океане информации отделять правду от лжи взвешенно и рационально принимать решения и включать логику тогда когда нужно. Новая книга Никиты Непряхина — увлекательное путешествие по миру иллюзий и лабиринту особе...

Deskribapen osoa

Gorde:
Xehetasun bibliografikoak
Egile nagusia: Непряхин Н.Ю
Formatua: Научно-популярная литература
Sarrera elektronikoa:https://znanium.com/catalog/document?id=368511
https://znanium.com/cover/1220/1220201.jpg
Etiketak: Etiketa erantsi
Etiketarik gabe, Izan zaitez lehena erregistro honi etiketa jartzen!
LEADER 03946nam0a2200289 i 4500
001 RU\infra-m\znanium\bibl\1220201
003 https://znanium.com/catalog/document?id=368511
005 20220630000000.0
010 |a 978-5-9614-3144-5 
100 |a 20220630d2020 m y0rusy0150 ca 
101 0 |a rus 
102 |a RU 
200 1 |a Анатомия заблуждений: большая книга по критическому мышлению  |e Научно-популярная литература 
210 1 |a Москва  |c ООО "Альпина Паблишер"  |d 2020 
215 |a 578 с. 
330 |a Критическое мышление — ключевой навык XXI века который позволяет не утонуть в бесконечном океане информации отделять правду от лжи взвешенно и рационально принимать решения и включать логику тогда когда нужно. Новая книга Никиты Непряхина — увлекательное путешествие по миру иллюзий и лабиринту особенностей мышления которое дает ответы на многие вопросы. Почему мы верим во всякую чушь? Откуда у людей столько предрассудков? Что такое мистическое мышление? В чем разница между наукой и мракобесием? Как отделять правду от фейков и мыслить гибко и беспристрастно? Как заглядывать в будущее с помощью абдукции? Автор дает читателям конкретные прикладные инструменты: понимание своих и чужих когнитивных искажений основы формальной и неформальной логики теорию аргументации технологии фактчекинга алгоритмы принятия решений и креативного мышления. «Анатомия заблуждений» подобна пособию по разоблачению фокусов: умному подробному а главное — понятному. Книга описывает самые популярные мифы и заблуждения в истории человечества: от астрологии и гомеопатии до экстрасенсов и призраков. «Анатомия заблуждений» — первая книга по критическому мышлению написанная отечественным автором. В ней вы найдете множество реальных примеров и кейсов иллюстраций и исследований а также практических упражнений для закрепления полученных знаний на практике. Эта книга способна перевернуть ваши представления о себе и окружающем мире. 
333 |a ВО - Магистратура 
606 |a Философия  |x Логика  |2 local 
608 |a Научно-популярная литература  |2 local 
675 |a 16  |z rus 
686 |a 874  |2 rubbk 
686 |a 37.04.01  |2 okso 
686 |a 47.04.01  |2 okso 
700 1 |a Непряхин  |b Н.Ю.  |g Никита Юрьевич 
801 0 |a RU  |b Общество с ограниченной ответственностью «ЗНАНИУМ»  |c 20201109  |2 rusmarc 
856 4 |a znanium.com  |m ebs_support@infra-m.ru  |n НИЦ ИНФРА-М  |u https://znanium.com/catalog/document?id=368511 
856 4 1 |a znanium.com  |d /cover/1220  |f 1220201.jpg  |q image/jpeg  |u https://znanium.com/cover/1220/1220201.jpg